Bilecik Bilecik Bilecik Bilecik Bilecik

Öncü 7'ler : (Record no. 67100)

MARC details
000 -BAŞLIK
Sabit Uzunluktaki Kontrol Alanı 01877nam a22004817a 4500
001 - KONTROL NUMARASI
Control Dosyası 0066659
003 - KONTROL NUMARASI KİMLİĞİ
Kontrol Alanı KOHA_MİRAKIL
005 - EN SON İŞLEM TARİHİ ve ZAMANI
Kontrol Alanı 20260207004648.0
007 - FİZİKSEL TANIM SABİT ALAN - GENEL BİLGİ
Sabit uzunluklu kontrol alanı ta
008 - SABİT UZUNLUKTAKİ VERİ ÖGELERİ - GENEL BİLGİ
Sabit Alan 220113b2021 tu a|||gr||||#0|||0|tur |
020 ## - ISBN - ULUSLARARASI STANDART KİTAP NUMARASI
Isbn 9789751157812
Nitelik bilgileri (Tk.)
020 ## - ISBN - ULUSLARARASI STANDART KİTAP NUMARASI
Isbn 9789751157829
Nitelik bilgileri (c.1)
020 ## - ISBN - ULUSLARARASI STANDART KİTAP NUMARASI
Isbn 9789751157836
Nitelik bilgileri (c.2) 9789751157843
-- (c.3)
020 ## - ISBN - ULUSLARARASI STANDART KİTAP NUMARASI
Isbn 9789751157850
Nitelik bilgileri (c.4) 9789751157867
-- (c.5) 9789751157874
-- (c.6) 9789751157881
-- (c.7) 9789751157898
-- (c.8)
040 ## - KATALOGLAMA KAYNAĞI
Özgün Kataloglama Kurumu TR-BiSEU
Kataloglama Dili tur
Çeviri Kurumu TR-BiSEU
Açıklama Kuralları rda
041 0# - DİL KODU
Metin ya da ses kaydının dil kodu tur
044 ## - YAYINLAYAN/ÜRETEN KURULUŞUN ÜLKE KODU
ISO country code tu
050 ## - SINIFLAMA ve YER NUMARASI
Sınıflama Numarası BP43
Yer Numarası .O33 2021
100 1# - KİŞİ ADI
Yazar Adı (Kişi adı) Öcal, Mustafa.
245 1# - ESER ADI BİLDİRİMİ
Başlık Öncü 7'ler :
Alt Eseradı vb. ilk 7 İmam Hatip okulunun 70 yıllık serüveni :
-- Adana/
Sorumluluk Bildirimi Mustafa Öcal ; Mustafa Öcal.
264 #1 - ÜRERİM, YAYIN, DAĞITIM ve TELİF BİLDİRİMİ
Yayın yeri Ankara :
Yayınlayan Milli Eğitim Bakanlığı
Yayın tarihi 2021
300 ## - FİZİKSEL TANIMLAMA
Sayfa, Cilt vb. 8 cilt :
Diğer fiziki detaylar resimli ;
Boyutları 27 cm. 
336 ## - İÇERİK TÜRÜ
Content type term metin
Content type code txt
Source rdacontent
337 ## - MEDYA TÜRÜ
Media type term aracısız
Media type code n
Source rdamedia
338 ## - TAŞIYICI TÜRÜ
Carrier type term cilt
Carrier type code nc
Source rdacarrier
490 1# - DİZİ BİLDİRİMİ
Dizi Bildirimi Milli Eğitim Bakanlığı yayınları ;
Cilt Numarası 7665.
490 1# - DİZİ BİLDİRİMİ
Dizi Bildirimi Tanıtıcı yayınlar dizisi ;
Cilt Numarası 188
500 ## - GENEL NOT
Genel Not Kaynakça ve dizin var.
650 #0 - KONU BAŞLIĞI EK GİRİŞ - KONU TERİMİ
Konusal terim veya coğrafi ad İslam dini eğitimi--Türkiye--Tarih.
9 (RLIN) 79793
650 #0 - KONU BAŞLIĞI EK GİRİŞ - KONU TERİMİ
Konusal terim veya coğrafi ad İslam--Eğitim ve öğretim--Türkiye.
9 (RLIN) 95692
650 #0 - KONU BAŞLIĞI EK GİRİŞ - KONU TERİMİ
Konusal terim veya coğrafi ad İslami eğitim--Türkiye.
9 (RLIN) 57656
650 #0 - KONU BAŞLIĞI EK GİRİŞ - KONU TERİMİ
Konusal terim veya coğrafi ad Müslüman öğrenciler--Türkiye.
9 (RLIN) 126024
650 #0 - KONU BAŞLIĞI EK GİRİŞ - KONU TERİMİ
Konusal terim veya coğrafi ad Din eğitimcileri--Türkiye--Biyografi.
9 (RLIN) 126025
650 #0 - KONU BAŞLIĞI EK GİRİŞ - KONU TERİMİ
Konusal terim veya coğrafi ad Islamic religious education--Turkey--History.
9 (RLIN) 39696
650 #0 - KONU BAŞLIĞI EK GİRİŞ - KONU TERİMİ
Konusal terim veya coğrafi ad Islam--Education and training--Turkey.
9 (RLIN) 126026
650 #0 - KONU BAŞLIĞI EK GİRİŞ - KONU TERİMİ
Konusal terim veya coğrafi ad Islamic education--Turkey.
9 (RLIN) 21659
650 #0 - KONU BAŞLIĞI EK GİRİŞ - KONU TERİMİ
Konusal terim veya coğrafi ad Muslim students--Turkey.
9 (RLIN) 126027
650 #0 - KONU BAŞLIĞI EK GİRİŞ - KONU TERİMİ
Konusal terim veya coğrafi ad Religious educators--Turkey--Biography.
9 (RLIN) 126028
830 1# - SERİ EK GİRİŞİ - TEKBİÇİM ESER ADI
Tekbiçim Başlık Milli Eğitim Bakanlığı yayınları ;
Volume number/sequential designation 7665.
9 (RLIN) 7828
830 1# - SERİ EK GİRİŞİ - TEKBİÇİM ESER ADI
Tekbiçim Başlık Tanıtıcı yayınlar dizisi ;
Volume number/sequential designation 188
9 (RLIN) 126029
907 ## - LOCAL DATA ELEMENT G, LDG (RLIN)
a Din
942 ## - EK GİRİŞ ÖGELERİ (KOHA)
Source of classification or shelving scheme Library of Congress Classification
Koha item type Book
Holdings
Materyal Türü Kalıcı Konum Mevcut Konum Raf Yeri Sınıflandırma Kaynağı Edinim Bilgisi Ana Konular Alt Konular Yer Numarası Cilt Bilgisi Demirbaş Numarası Fatura Tarihi Geri Çekilme Durumu Kayıp Durumu Hasarlı Durumu Kredi için değil Kayıt Tarih Toplam Ödünçverme Son Görülme Tarihi Son Kontrol Tarihi Genel / Bağış Notu
Book Prof. Dr. Azmi Özcan Kütüphanesi Prof. Dr. Azmi Özcan Kütüphanesi Uluğbey Salonu Library of Congress Classification Bağış FELSEFE, PSİKOLOJİ, DİN İslam, Bahailik, Teozofi vb. BP43 .O33 2021 c.4 0066659 02/02/2026         13/01/2022   05/03/2025 05/03/2025 Genel Bağış